000 00721nam a22002057a 4500
005 20240805155029.0
010 _aENG-141184
020 _c699.00
_a9788196671150
035 _aEN-124716
037 _bDBAD
082 _a658.30080954
_21
100 _aJena, Swati
_969500
245 0 0 _aDiversity Beyond Tokenism:
_bWhy Being Pollitically Correct Still Does'nt Help Anyone/
_cBy Swati Jena [and] T.N Hari
250 _a1
260 _aMumbai
_bKabdwal Book International
270 _aPlot No. 179, D/42, Raigad CHS, Sector 1, Charkop, Kandivali(W)
_bMumbai
_e400067
_morder@kabdwalbook.com
300 _a277p.
_c22cm(pb)
700 _aHari, T.N
_969501
942 _2ddc
_cEN
_mJEN
_h658.30080954
_e1
999 _c204850
_d204850